00545 2200205 4500001002100000008004100021035002000062245005900082100001600141700002000157250001000177260003000187300002300217020002200240084001700262082001100279650002700290990001100317990001100328INLIS000000000014786 ind  a0010-1022000104 aSuamiku Bukan IdolakucBoim Lebon,Penyunting; Mardiati aBOIM, Lebon aFITRI, Febriani acet.1 aJakarta :bSinergi,c2018 aii,57 hlm.c23 cm. a978-602-70068-7-4 a297.43 BOI s a297.43 aISLAM, KELUARGA ISLAMI a9641 a a9641 b